Movies Quiz

Random Movies or Box Office Quiz

Top Grossing 'D' Movies Quiz Stats

 Plays Quiz Updated Dec 31, 2018

Challenge
Share
Tweet
Score 0/21 Timer 05:00
308 Plays Today
# Movie % Correct
$1,004.6mThe Dark Knight
95.8%
$543.1mDespicable Me
94.1%
$326.6mThe Devil Wears Prada
92%
$1,033.5mDespicable Me 3
91%
$783.1mDeadpool
90.8%
$970.8mDespicable Me 2
90.4%
$758.2mThe Da Vinci Code
88%
$1,084.9mThe Dark Knight Rises
82.7%
$425.4mDjango Unchained
80.3%
$366.1mDie Hard: With a Vengeance
78.4%
$731.2mDeadpool 2
76.9%
# Movie % Correct
$710.6mDawn of the Planet of the Apes
72.3%
$677.7mDoctor Strange
72.1%
$544.3mThe Day After Tomorrow
69.4%
$432.0mDie Another Day
63.9%
$349.8mDinosaur
63.4%
$525.2mDunkirk
53.1%
$424.2mDances with Wolves
51.4%
$349.5mDeep Impact
26.1%
$302.9mDangal
2.1%
$544.1mDetective Chinatown 2 (Tangrenjie tanan 2)
0.7%

You're not logged in!

Compare scores with friends on all Sporcle quizzes.
OR
Log In

You Might Also Like...

Show Comments

Extras

Top Quizzes Today


Score Distribution

Your Account Isn't Verified!

In order to create a playlist on Sporcle, you need to verify the email address you used during registration. Go to your Sporcle Settings to finish the process.

Report this User

Report this user for behavior that violates our Community Guidelines.

Details: